000
00280nam a22001097a 4500
008
160422b xxu||||| |||| 00| 0 eng d
020
_a
9781416064107
041
_a
eng
080
_a
618.2
245
_a
Infusion nursing:
_c
Mary Alexander; Ann Corrigan ;Lisa Gorski;
942
_2
udc
_c
BK
999
_c
1511
_d
1511